000 00287nam a22001337a 4500
008 181218b xxu||||| |||| 00| 0 eng d
020 _a9780393973648
041 _aeng
080 _25 TH
_a159.9
100 _a48
101 _aPSI
245 _aPsychology
_cHenry.G
942 _2udc
_cBK
999 _c53434
_d53434